[Event "Corus"]
[Site "Wijk aan Zee"]
[Date "2004.01.19"]
[Round "8"]
[White "Anand, Viswanathan"]
[Black "Bareev, Evgeny"]
[Result "1-0"]
[WhiteElo "2766"]
[BlackElo "2714"]
[Annotator "Finkel,A"]
[PlyCount "95"]
[EventDate "2004.01.10"]
[EventType "tourn"]
[EventRounds "13"]
[EventCountry "NED"]
[EventCategory "19"]
[SourceTitle "CBM 099"]
[Source "ChessBase"]
[SourceDate "2004.03.30"]
[SourceVersion "1"]
[SourceVersionDate "2004.03.30"]
[SourceQuality "1"]

{[%mdl 1]} 1. e4 e6 2. d4 d5 3. Nc3 Nf6 4. Bg5 dxe4 5. Nxe4 Be7 6. Bxf6 Bxf6 7.
Nf3 O-O 8. Qd2 Nd7 9. O-O-O Be7 10. Bd3 b6 11. h4 Bb7 12. Neg5 {Beyond any
doubt this move is the most crucial for the evaluation of the whole variation.}
(12. c3 c5 13. Neg5 $5 (13. dxc5 Qc7 $5 14. Qc2 (14. Neg5 Nf6 15. Qe2 Qf4+ $1
16. Kb1 Bxc5 17. g3 Bxf3 18. Nxf3 Qc7 19. Rhe1 $14) 14... h6 15. cxb6 axb6 16.
Kb1 Ra5 17. Ned2 Rfa8 18. a3 Nc5 $44 {Solozhenkin,E-Dizdar,G/Paris 1996}) 13...
Nf6 (13... h6 14. Bh7+ Kh8 15. Bc2 Bxf3 16. Nxf3 Nf6 17. Kb1 Qc7 18. Qe2 cxd4
19. Nxd4 h5 $11 {Anand,V-Bareev,E/Monte Carlo 2003}) 14. Qc2 g6 15. h5 $1 Nxh5
$5 16. Nxe6 $1 $36 {Ivanchuk,V-Radjabov,T/Moscow 2002}) (12. Nfg5 h6 13. f4 c5
14. dxc5 Qc7 15. Nd6 Nxc5 16. Nxb7 Nxb7 17. c3 Rfd8 18. Ne4 Rd5 $132 {Fercec,
N-Dizdar,G/Pula 1997}) (12. Rh3 Nf6 13. Nxf6+ Bxf6 14. Ng5 h6 15. Nh7 Re8 16.
Nxf6+ Qxf6 17. g4 $14 {Fercec,N-Golubovic,B/Kastav 2000}) (12. Qe2 c5 (12...
Nf6 13. Neg5 Bxf3 14. Nxf3 Qd6 15. Ne5 c5 16. dxc5 Qxc5 17. Kb1 Bd6 18. f4 h5 {
1/2-1/2 Dominguez,L-Nogueiras,J/Havana 2001/CBM 84 (18)}) 13. Neg5 h6 14. Nxe6
$2 Bxf3 15. gxf3 fxe6 16. Qxe6+ Kh8 17. Rhg1 Rf6 18. Qg4 Bf8 $19 {Horvath,
A-Golubovic,B/Charleville 2000}) 12... Nf6 (12... h6 13. Rh3 c5 14. Kb1 cxd4
15. Qf4 Qb8 16. Qxd4 Bxf3 17. Nxf3 Nc5 $15 {Riegler,P-Dizdar,G/Bled 1994}) 13.
c3 {[%csl Rh7][%cal Gd2c2] Preparing Qc2} Bxf3 14. gxf3 $5 {This is the only
way to fight for an opening advantage. The weakness of white pawns on the
f-file is fully compensated by the open line.} c5 (14... Kh8 15. Kb1 Qd6 16.
Rdg1 $36 {Topalov,V-Dreev,A/Linares 1995}) 15. dxc5 Qc7 16. Kb1 bxc5 17. Rdg1
$6 {This move is a novelty, but it's hardly a very strong one. For some reason
black didn't play the most natural 17...c4 which would probably lead to
black's advantage. Anyway'it was probably better to come to g1 with the other
rook in order to deprive black this possibility.} (17. Qc2 h6 18. Bc4 Rfd8 19.
Rdg1 hxg5 20. hxg5 Qf4 21. gxf6 Bxf6 $11 {Dworakowska,J-Zatonskih,A/Zagan 1997}
) (17. Rhg1 $1) 17... Rfd8 $2 (17... c4 $1 18. Nxh7 (18. Bc2 Rad8 19. Qe2 Rb8
$17) 18... Qd8 $1 (18... cxd3 $2 19. Qh6 g6 (19... Ne8 20. Rxg7+ Nxg7 21. Rg1
Qe5 22. f4 $18) 20. Rxg6+ fxg6 21. Rg1 Ng4 22. Qxg6+ Kh8 23. Qh5 $18) 19. Nxf8
(19. Qh6 $2 Qxd3+ 20. Kc1 Qxh7 $19) 19... Bxf8 20. Rd1 (20. Bh7+ Kxh7 21. Qxd8
Rxd8 22. Rd1 Rb8 $17) 20... cxd3 21. Qxd3 Qb6 $15) 18. Qc2 h6 19. Bh7+ Kf8 20.
Nxf7 Kxf7 21. Qg6+ Kf8 22. Qxg7+ Ke8 23. Re1 $5 $36 {[%csl Re8] There is no
doubt that white's initiative is very dangerous, but I'm not sure it's enough
for more than equality.} (23. Rd1 Nxh7 24. Qg6+ Kf8 25. Qxh6+ Ke8 26. Qxh7 (26.
Qg6+ Kf8 $11) 26... Qe5 27. Qg8+ Bf8 $13) (23. Bc2 $145 $1 {(Anand)}) 23... Rd6
$1 {A strong defensive move securing the square d7 for the king and taking
good care of e6.} (23... Kd7 $2 24. Bf5 $1 Rg8 25. Bxe6+ Kc6 26. Bxg8 Nxg8 27.
Rhg1 $18) 24. Qh8+ Bf8 25. Bg6+ Ke7 26. Rhg1 Rb6 (26... Qd7 $5 27. Bc2 (27. f4
Rb8 28. f5 Qb5 29. b3 Qd3+ $19) 27... Qe8 28. Rg6 Qf7 $13) (26... Rb8 $142 {
(Anand)}) 27. Bf5 Kf7 $2 {Missing a chance to get an advantage after} (27...
Qf4 $1 28. Rg7+ Kd6 29. Rxe6+ Kd5 30. c4+ (30. Rxf6 Rxb2+ 31. Kxb2 Qd2+ $19)
30... Qxc4 31. Rd7+ Nxd7 32. Qg8 (32. Be4+ Kxe6 33. Qg8+ Ke7 34. Qxc4 Rab8 $19)
32... Rxb2+ 33. Kxb2 Bg7+ 34. Re5+ Kxe5 35. Qxc4 Kxf5+ 36. Kc2 Rd8 $15 {
and black is better, but it's hard to blame Bareev for not entering this line
since it's extremly difficult to calculate this line during the game.}) 28.
Bg6+ Ke7 29. Bc2 Kf7 {Now it's too late for Qf4:} (29... Qf4 30. Rg7+ Bxg7 (
30... Kd6 31. Rf7 Rab8 32. b3 Be7 33. Qg7 Nh5 34. Qh7 $18) 31. Qxg7+ Kd6 32.
Qf7 Re8 33. Rd1+ Kc6 34. Be4+ Kb5 35. c4+ Ka6 36. Rd3 $18) 30. Rg6 $1 {
Starting a forced line leading to a winning position.} Qf4 31. Reg1 e5 (31...
Ke7 32. Rg7+ Kd6 33. Rf7 $18 {[%csl Rf6]}) 32. Rg7+ Ke6 33. R1g6 Rab8 (33... e4
34. Rxf6+ Qxf6 35. Qg8+ Ke5 36. Rf7 Bg7 37. f4+ $1) 34. Qg8+ Kd6 35. Rxf6+ Qxf6
36. Rg6 $18 Kc7 37. Rxf6 Rxf6 38. Qh7+ Kb6 39. Be4 $1 {[%csl Gb7] The last
accurate move taking the square b7 under control.} Rd6 40. h5 {Black pieces
desperately lack coordination, so no wonder that the game is over in less than
10 moves.} a6 41. Qf7 Rd2 42. a3 Rd1+ 43. Kc2 Rd6 44. b4 cxb4 45. axb4 Rdd8 46.
Qe6+ Rd6 47. Qc4 Rf6 48. Qd5 1-0

[Event "EU-chT (Men) 12th"]
[Site "Batumi"]
[Date "1999.12.01"]
[Round "3.2"]
[White "Polgar, Judit"]
[Black "Volkov, Sergey"]
[Result "1-0"]
[WhiteElo "2671"]
[BlackElo "2575"]
[Annotator "Finkel,A"]
[PlyCount "53"]
[EventDate "1999.11.06"]
[EventType "team-swiss"]
[EventRounds "9"]
[EventCountry "GEO"]
[SourceTitle "CBM 074"]
[Source "ChessBase"]
[SourceDate "2000.02.01"]
[SourceVersion "1"]
[SourceVersionDate "2000.02.01"]
[SourceQuality "1"]
[WhiteTeam "Hungary"]
[BlackTeam "Russia"]
[WhiteTeamCountry "HUN"]
[BlackTeamCountry "RUS"]

1. e4 e6 2. d4 d5 3. Nc3 Nf6 4. Bg5 dxe4 5. Nxe4 Be7 6. Bxf6 gxf6 7. Nf3 b6 8.
Bd3 Bb7 9. Qe2 Qd5 $6 {Dubious variation used from time to time by Volkov.} (
9... Nd7 10. O-O-O c6 11. Rhe1 (11. c4 Qc7 12. Kb1 O-O-O 13. d5 Ne5 14. Nxe5
Qxe5 15. dxe6 fxe6 16. g3 $14 {Golubev,M-Berelovich,A/Dutch Open 1999}) 11...
Qc7 12. Kb1 O-O-O 13. Ba6 Rhg8 14. Bxb7+ Kxb7 15. g3 {1/2-1/2 Kovalev,
A-Kiriakov,P/AZ Sanace Cup 1999}) 10. O-O (10. c4 Qa5+ 11. Nc3 Bb4 12. O-O Bxc3
13. bxc3 Nd7 $13 {Klovans,J-Volkov,S/MTO 1999}) 10... Nd7 11. Rfe1 O-O-O 12. a4
$1 {Very natural reply,showing that black doesn't have achnse to create any
counterplay.} (12. c4 Qh5 13. Ng3 Qg4 14. c5 $6 (14. Be4 $5) 14... Bxf3 15.
gxf3 Qxd4 16. Rad1 Qxc5 17. Qe4 $44 {Bologan,V-Tukmakov,V/Biel op 1995}) 12...
f5 $2 {This move is suicide and we don't see very oftenly that players of such
a high level lose like this.} (12... Qh5 13. Ba6 f5 14. Ng3 Qg4 15. a5 Nb8 16.
Bxb7+ Kxb7 17. axb6 cxb6 18. Qc4 $16) (12... c5 13. Nc3 Qh5 14. Ba6 cxd4 15.
Bxb7+ Kxb7 16. Qe4+ Kb8 17. Nxd4 $16) 13. Nc3 Qa5 (13... Qc6 14. Bxf5 {[%cal
Ge2e7]} Nf6 15. Bd3 Bb4 16. Ba6 $16) 14. Nb5 $1 $18 {[%csl Ra5][%cal Gc2c3,
Gf3d2,Gd2b3] That's it!Suddenly the black queen is trapped on a5 and it's just
a matter of time when white will win it.} Rhg8 15. c3 c5 16. g3 {[%cal Gf3d2,
Gd2b3] Preparing to transfer the knight to the queenside.} a6 17. Nd2 $1 axb5 (
{Nothing changes} 17... Bd5 18. b4 $5 cxb4 19. c4 b3 20. cxd5 axb5 21. axb5 Qb4
22. dxe6 fxe6 23. Qxe6 $18) 18. axb5 Qxa1 19. Rxa1 cxd4 20. cxd4 Bd6 21. Nc4
Bc7 22. Qc2 Nf6 23. Nxb6+ Kb8 24. Qc5 Bd6 25. Qc3 h5 26. Qa5 Bf4 27. Ra4 1-0

[Event "Corus"]
[Site "Wijk aan Zee"]
[Date "2004.01.18"]
[Round "7"]
[White "Shirov, Alexei"]
[Black "Timman, Jan H"]
[Result "1-0"]
[WhiteElo "2736"]
[BlackElo "2578"]
[Annotator "Finkel,A"]
[PlyCount "200"]
[EventDate "2004.01.10"]
[EventType "tourn"]
[EventRounds "13"]
[EventCountry "NED"]
[EventCategory "19"]
[SourceTitle "CBM 099"]
[Source "ChessBase"]
[SourceDate "2004.03.30"]
[SourceVersion "1"]
[SourceVersionDate "2004.03.30"]
[SourceQuality "1"]

1. e4 {Hecht} e6 2. d4 d5 3. Nc3 Nf6 4. Bg5 dxe4 5. Nxe4 Be7 6. Bxf6 gxf6 7.
Nf3 b6 {It seems that Moro's 7...a6 is history!} 8. Bc4 (8. Bb5+ c6 9. Bc4 Bb7
10. Qe2 Nd7 11. O-O h5 12. a4 Qc7 13. Rfe1 O-O-O 14. Ba6 $14 {Vouldis,
A-Haznedaroglu,K/Varna 1994}) 8... Bb7 9. Qe2 c6 10. O-O Nd7 11. Ba6 {This one
is probably the most solid continuation. Shirov is ready to play a position
with minimal advantage hoping to outplay the Dutch veteran in slow positional
struggle.} (11. a4 f5 (11... a5 12. Rfe1 Qc7 13. c3 Rg8 14. Ng3 Nf8 15. Nh5
O-O-O 16. Rab1 c5 $132 {Vescovi,G-Pelikian,J/Sao Paulo 2000}) 12. Ng3 Kf8 13.
Bxe6 fxe6 14. Qxe6 Nf6 15. Nxf5 Bc8 16. Qe5 Bxf5 17. Qxf5 Qd5 $13 {Zurakhov,
V-Koblencs,A/Tbilisi 1956}) (11. Nh4 O-O (11... Nf8 12. Nf5 (12. Qh5 Rg8 13.
Rfe1 Qd7 14. Rad1 a5 15. a4 Ba6 16. Bb3 $16 {Rosito,J-Dolezal,C/Tres de
Febrero 2003}) 12... Ng6 13. Qe3 O-O 14. Nxe7+ Qxe7 15. Ng3 Kh8 16. Rae1 Rg8
17. c3 Rae8 {1/2-1/2 Williams,S-Kiriakov,P/Port Erin 2001/CBM 84 ext (17)}) 12.
Ng3 f5 13. Nhxf5 exf5 14. Nxf5 Bf6 15. Qh5 (15. Qg4+ Kh8 16. Nd6 Qc7 17. Qf4
Rac8 18. Rae1 $36 {Felgaer,R-Tempone,M/Mar del Plata 2001}) 15... c5 16. Bd3
Re8 17. Nh6+ Kg7 18. Qxf7+ Kxh6 19. Qxh7+ Kg5 20. f4+ {1-0 Van Riemsdijk,
V-Stacchini,A/Sao Paulo 2000/EXT 2001 (20)}) 11... Bxa6 12. Qxa6 Qc7 13. c4 O-O
14. Qa4 Rfd8 (14... Kh8 15. Rad1 Rg8 16. Rfe1 Rg4 17. Ng3 Rag8 18. Re4 R4g7 19.
Ne1 Bd6 $132 {Janovsky,S-Zysk,R/Werfen 1993}) 15. Rad1 Nf8 16. Qb3 {[%cal
Gd4d5] Now all is set up for the d5 break.} Rd7 17. d5 cxd5 18. cxd5 Qb7 19.
Nc3 Rad8 20. Rfe1 exd5 21. Ne2 ({Of course not} 21. Rxe7 $6 Rxe7 22. Nxd5 Rxd5
(22... Ne6 $6 23. Nxf6+ Kg7 24. Rxd8 Nxd8 25. Qc3 Re6 26. Nh5+ Kf8 27. Qh8+ Ke7
28. h4 $14) 23. Rxd5 (23. Qxd5 Rd7 24. Qb3 Rxd1+ 25. Qxd1 Qe4 $11) 23... Rd7
24. Rxd7 Qxd7 25. h3 Ne6 $11 {and black easily holds it.}) 21... d4 (21... Ne6
22. Ned4 Nc5 23. Qe3 $44 {[%cal Gd4f5,Ge3h6]}) 22. Rxd4 Bc5 23. Rxd7 (23. Rc4
Qd5 24. Nc3 Qf5 25. Ne4 Ne6 26. Qc3 Bd4 27. Nxd4 Nxd4 $14) 23... Rxd7 24. Nf4 (
24. Qc3) 24... Qc6 25. Qc3 Rd6 $1 26. Nh5 $6 {The knight appears to be very
strong on h5, but it's just an impression.} (26. Nd3 a5 27. h3 $14) 26... Ng6
27. h3 a5 28. a3 a4 29. Nh2 $6 Bd4 30. Qd2 f5 $6 ({Even stronger was} 30... Nh4
31. Nf3 Nxf3+ 32. gxf3 f5 33. Kg2 h6 $15 {and white should be very carefull to
keep the balance.}) 31. Nf3 Bh8 32. Qb4 Rd8 33. Ng3 f4 34. Nf5 Qc5 35. Qxc5
bxc5 36. Re4 Bxb2 {Another good continuation was} (36... Ra8 37. Nd2 Bxb2 38.
Nc4 Bg7 (38... Bc1 39. Re1 $18 {[%csl Rc1]}) 39. Nb6 Rb8 40. Nxa4 Bf8 $11 {
with an equal position.}) 37. Rxa4 Ne5 $2 {This one is serious mistake after
which black finds himself in a worse position.} (37... f6 38. Ra7 Ne5 $11) 38.
Nxe5 Bxe5 39. Kf1 Kf8 (39... f3 $1 $14) 40. Ke2 Bc7 41. Ra7 $16 Rd5 42. Nh6 Rd7
43. Ra6 Rd5 (43... Bd8) 44. Rf6 Rd7 45. Rc6 $1 Ba5 46. Nf5 Rd5 47. Nd6 Rd2+ 48.
Kf3 Rd3+ 49. Ke4 Rxa3 50. Nf5 Bd8 51. Kxf4 Ra2 52. Kf3 Ra3+ 53. Ke4 Ra2 54. Kf3
Ra3+ 55. Kg4 Ra2 56. Kg3 Rc2 57. Rh6 Kg8 (57... c4 58. Rc6 c3 59. Ne3 Rc1 60.
Rc8 Ke8 61. Nd5 c2 62. Ne3 Kd7 63. Rxc2 $14) 58. Rc6 Kf8 59. f4 h5 60. Rh6 h4+
61. Kf3 Ke8 62. Rh7 Be7 (62... Rd2 $1 $11) 63. Nxe7 Kxe7 64. Rxh4 c4 65. Rh5 c3
66. Rc5 Kd6 67. Rc8 Kd5 68. h4 Kd4 69. h5 Rc1 70. Kg4 Rh1 71. Rc7 f5+ 72. Kg5
$18 Rg1 (72... Kd3 73. Kxf5 Rxh5+ 74. Kg6 Rh2 75. g4 c2 76. f5 Rh1 77. f6 c1=Q
78. Rxc1 Rxc1 79. f7 $18) 73. h6 Rxg2+ 74. Kxf5 Rh2 75. Kg6 c2 76. f5 Rg2+ 77.
Kf7 Rh2 78. f6 Kd3 79. Kg6 Rg2+ 80. Kf5 Rf2+ 81. Kg6 Rg2+ 82. Kf7 Rg1 83. h7
Rh1 84. Kg6 Rg1+ 85. Kf5 Rh1 86. Rxc2 Kxc2 87. f7 Rf1+ 88. Ke6 Re1+ 89. Kd6
Rd1+ 90. Kc7 Rf1 91. h8=Q Rxf7+ 92. Kd6 Rf2 {Hecht: 'Timman tries to keep his
rook away from his king, so that it has mobility and can play for time by
checking from a distance. ' Hecht: 'Timman versucht, den Turm fern vom eigenen
König zu halten, damit er beweglich bleibt und mit diversen Schachs aus der
Distanz Züge schinden kann. '} 93. Kd5 Rg2 94. Qh3 Rg7 95. Kd4 Kb2 (95... Ra7
$142 {Hecht}) 96. Qh2+ (96. Qh8 $1 {(Hecht) using the tactical means of
discovered check. benutzt das taktische Mittel des Abzugsschachs} Rd7+ 97. Ke3+
{deprives the king of the c-file with the threat of Qc8+} Kb3 98. Qb8+ Ka3 99.
Qc8 $1 Re7+ (99... Rd1 100. Qc3+ {winning the rook mit Turmgewinn}) 100. Kd3
Rf7 (100... Rh7 101. Kc3 $1 {[%csl Yc7,Yh3][%cal Yc8c7,Yc8h3]}) 101. Qc3+ {
winning the rook mit Turmgewinn}) 96... Kb3 97. Qb8+ Kc2 98. Qc8+ Kb2 99. Kc4
Rh7 100. Qd8 Rh2 {'?' Hecht. Hecht: 'and because of Qb8+' Hecht: 'und wegen
Db8+'} (100... Rf7 {(Hecht) (#13)}) 1-0

[Event "RUS-ch KO"]
[Site "Moscow"]
[Date "1999.12.24"]
[Round "5.5"]
[White "Bezgodov, Alexei"]
[Black "Lastin, Alexander"]
[Result "1-0"]
[WhiteElo "2576"]
[BlackElo "2552"]
[Annotator "Finkel,A"]
[PlyCount "52"]
[EventDate "1999.12.04"]
[EventType "k.o."]
[EventRounds "6"]
[EventCountry "RUS"]
[SourceTitle "CBM 075"]
[Source "ChessBase"]
[SourceDate "2000.04.05"]
[SourceVersion "1"]
[SourceVersionDate "2000.04.05"]
[SourceQuality "1"]

1. e4 e6 2. d4 d5 3. Nc3 Nf6 4. Bg5 dxe4 5. Nxe4 Be7 6. Bxf6 Bxf6 7. Nf3 O-O 8.
Qd2 b6 9. Nxf6+ Qxf6 10. Bd3 Bb7 (10... h6 11. Be4 $16) 11. Ng5 h6 $5 ({
Very dangerous is} 11... g6 12. O-O-O (12. h4 h6 13. Nf3 Nd7 14. Qxh6 Bxf3 15.
gxf3 Qxd4 16. O-O-O Qg7 17. Qe3 $40 {[%cal Gh4h5] Nataf,I-Hergott,D/Quebec op
1998}) 12... Nc6 (12... Qxd4 $2 13. Nxh7 Rd8 14. Qg5 $1 $16 {->}) (12... Nd7 $6
$146 13. h4 Rad8 14. h5 h6 15. Nh7 $1 Kxh7 16. hxg6+ Kg8 $8 17. Rxh6 $40 {
Almasi,Z-Kovacevic,V/EUCup Gr5 1993}) 13. h4 $1 Nxd4 14. h5 Bxg2 15. Nxh7 $1
Kxh7 16. hxg6+ Kg8 17. Rh6 $1 $40 {Sax,G-Gurevich,M/Manila izt/1990}) 12. Nh7
Qxd4 13. Nxf8 Kxf8 14. O-O-O {This move is the new one,but it doesn't change
much in the assesment of the position:black has sufficient compensation for
the exchange.} (14. c3 Qh4 (14... Qe5+ 15. Be2 Nc6 16. O-O Rd8 17. Qe1 Qg5 18.
f4 Qc5+ 19. Qf2 Rd2 $13 {Almasi,Z-Dreev,A/Tilburg 1994}) 15. O-O-O (15. g3 $1
Qf6 16. Rf1 Nd7 (16... Bf3 17. Be2 Nc6 18. Bxf3 Qxf3 19. Qe3 Qh5 20. Rd1 $16)
17. f4 $1 $16 {Kindermann,S-Bareev,E/Pardubice 1994}) 15... Bxg2 16. Rhg1 Bf3
17. Be4 (17. Be2 Bxe2 18. Qxe2 Qf4+ 19. Rd2 Nc6 20. Rg4 Qxh2 21. Qf3 Rd8 $11 {
Kovacevic,A-Gouliev,N/Szekszard op 1994}) 17... Bxe4 18. Rg4 Qe7 19. Rxe4 Nc6
20. Rg1 Qd6 21. Qe2 Rd8 $11 {Polgar,J-Bareev,E/Linares 1994}) 14... Bxg2 $5 15.
Rhg1 Bb7 (15... Bf3 $6 16. Bb5 Qxd2+ 17. Rxd2 c6 18. Bf1 g5 19. Rd8+ Ke7 20.
Rh8 $16) ({Deserved attention} 15... Bc6 $5 16. c3 Qf6 $13 {with complicated
position.}) 16. Bb5 $36 {[%csl Ra8,Rb8]} Qxd2+ 17. Rxd2 c6 $6 {From now on
black starts too play very badly and managges to lose this position in ten
moves!Better was} (17... Nc6 18. Rd7 Rc8 19. f4 a6 20. Ba4 Nb8 21. Rd3 Bc6 $11
{with equal chanses.}) 18. Be2 g5 $6 {[%csl Rh6] After this inaccuracy black's
position seems to be difficult:black pawns on h6 and g5 become the target for
white rooks.} (18... g6 $5) 19. Rd8+ Ke7 20. Rgd1 $1 a5 $6 {The final mistake.}
(20... c5 21. a3 $5 $16 (21. Bb5 a6 22. Re8+ Kf6 23. Be2 (23. Rdd8 axb5 24.
Rxb8 Ra7 25. Rh8 Kg6 26. Rhd8 $14 {[%csl Rb6]}) 23... Nc6 24. Rxa8 Bxa8 25.
Bxa6 Ke7 26. a3 $14)) 21. Bf3 $18 {Black is fully tied up and there is no way
to break free.} a4 22. a3 Kf6 23. Rh8 Na6 24. Rxh6+ Ke7 (24... Kg7 25. Rh5 Kg6
26. Rg1 f6 27. h4) 25. Rg1 Nc5 26. Rxg5 Nd7 1-0

[Event "EU-Cup 18th"]
[Site "Kallithea"]
[Date "2002.09.26"]
[Round "5.5"]
[White "Landa, Konstantin"]
[Black "Baklan, Vladimir"]
[Result "0-1"]
[WhiteElo "2621"]
[BlackElo "2614"]
[Annotator "Finkel,A"]
[PlyCount "162"]
[EventDate "2002.09.22"]
[EventType "team-swiss"]
[EventRounds "7"]
[EventCountry "GRE"]
[SourceTitle "CBM 092"]
[Source "ChessBase"]
[SourceDate "2003.02.06"]
[SourceVersion "1"]
[SourceVersionDate "2003.02.06"]
[SourceQuality "1"]
[WhiteTeam "Tomsk 400"]
[BlackTeam "Kazan Ladya"]
[WhiteTeamCountry "RUS"]
[BlackTeamCountry "RUS"]

1. e4 e6 2. d4 d5 3. Nc3 Nf6 4. Bg5 dxe4 5. Nxe4 Be7 6. Bxf6 Bxf6 7. Nf3 O-O 8.
Qd2 Be7 {An idea of Bareev to cope with the problems of 8...b6 9.Nf6+ Qf6 10.
Bd3 Bb7 11.Ng5!} 9. O-O-O (9. Bd3 b6 10. Neg5 $1 h6 11. Bh7+ Kh8 12. Be4 Bxg5
$8 13. Nxg5 c6 14. Nf3 Bb7 15. Ne5 $1 $14 {Gelfand,B-Bareev,E/Linares 1992}) (
9. Qf4 Nd7 10. O-O-O b6 11. Bc4 Bb7 12. d5 exd5 13. Bxd5 Bxd5 14. Rxd5 $14 {
Lanka,Z-Shirov,A/Dresden 2000}) 9... Qd5 (9... b6 10. Bc4 Bb7 11. Rhe1 Bd5 12.
Bxd5 {Khalifman,A-Bareev,E/Germany 1992/GER-chT}) (9... Nd7 10. Qf4 b6 11. Ne5
Bb7 12. Bb5 Nf6 13. Nc6 Bxc6 14. Bxc6 Rb8 $13 {Dabo Peranic,R-Dizdar,G/Pula
2000}) 10. Nc3 Qa5 11. a3 $5 (11. Ne5 Bb4 12. Nc4 Bxc3 13. Nxa5 Bxd2+ 14. Rxd2
b6 15. Nc4 Bb7 16. Ne5 (16. Ne3 Nd7 17. Bb5 Nf6 18. f3 Rfd8 19. Rhd1 Kf8 {
1/2-1/2 Ehlvest,J-Khalifman,A/Bali 2000/CBM 77 (19)}) 16... Rd8 17. f3 Nd7 18.
Bc4 Rac8 19. Rhd1 Kf8 20. c3 Ke7 $11 {Napias-Mellado Trivino,J/Cordoba 1990})
11... Nd7 12. Bc4 $5 (12. Bd3 c5 $6 13. d5 Bf6 14. dxe6 fxe6 15. Ne4 $14) 12...
c6 13. Rhe1 b5 14. Bb3 (14. Ba2 $6 b4 15. Nb1 Rb8 $15) 14... Qd8 $1 {[%cal
Ga7a5,Gb5b4] After this move black is ready for the pawn storm on the
queenside.} (14... Qc7 $6 15. d5 $1 cxd5 16. Nxd5 Qd8 17. Nxe7+ Qxe7 18. Bd5
Rb8 19. Nd4 $14 {[%cal Gd4c6]}) 15. Ne4 a5 16. Ne5 Qc7 17. f4 (17. Nxd7 Bxd7
18. f4 a4 19. Ba2 b4 20. axb4 a3 $44) 17... Rb8 18. Ba2 b4 19. a4 c5 20. d5 (
20. dxc5 Nxe5 21. fxe5 Qxe5 22. Qf2 Bb7 23. Nd6 Qxh2 $17) 20... exd5 21. Qxd5
Nxe5 22. Qxe5 (22. fxe5 Be6 $19 {[%csl Ra2]}) 22... Qxe5 23. fxe5 Bg4 24. Rd3
Bf5 25. Bc4 (25. Rf3 Bg6 26. e6 fxe6 27. Bxe6+ Kh8 28. Rfe3 Rbd8 $15) 25...
Rbd8 26. Kb1 Be6 27. Rxd8 $6 (27. Nd6 $5) 27... Rxd8 28. Bxe6 fxe6 $15 {
[%csl Re5] White pawn on e5 is a serious weakness and white has to be extremly
carefull to hold on.} 29. Re2 c4 $1 (29... Rd5 $6 30. Nd2 $13 {[%csl Ra5][%cal
Gd2c4]}) 30. Nd2 c3 31. Nb3 (31. bxc3 bxc3 32. Ne4 Rb8+ $1 33. Ka1 Rb4 34. Nxc3
Bc5 $1 $15 {[%csl Ra4][%cal Gc5d4]}) 31... Rd5 32. Re3 $2 {It was necessary to
take on c3 creating black a weakness.} (32. bxc3 bxc3 33. Re3 $15) 32... cxb2
33. Kxb2 Bd8 $1 $19 {[%csl Re5][%cal Gd8c7] Bringing the bishop to c7.} 34. c4
bxc3+ 35. Kxc3 Bc7 36. Kc4 Bb6 $1 37. Re2 Kf7 38. h3 Ke7 39. Re4 Bc7 40. Nc5
Bxe5 (40... Rxe5 $2 41. Rxe5 Bxe5 42. Nb7 Bc7 43. Kb5 $14) 41. Nd3 Kd6 42. h4
g6 43. Rg4 Ke7 44. Nc5 Bd6 45. Nb3 Bb4 $1 46. Re4 Kd6 47. Re3 Re5 48. Rd3+ Ke7
49. Rd4 Be1 50. Rg4 Kd6 51. Rd4+ Ke7 52. Rg4 Bf2 (52... Kf6 $5 53. Nd4 Re3 54.
Nc6 Kf5 $19) 53. Nd2 $5 Rc5+ 54. Kd3 Rd5+ 55. Ke2 Bd4 56. Nf3 Bf6 57. Rc4 Kd7
58. Ke3 Be7 59. Ke4 Bd6 $1 {[%csl Rh4][%cal Gd6g3]} 60. g4 (60. Rc2 Bg3 $1 $19)
60... h5 61. g5 Rf5 {[%cal Gf5f4]} 62. Ke3 Bc5+ 63. Ke4 Kd6 64. Nd4 Re5+ 65.
Kf4 Re1 66. Nb5+ Kd5 67. Rc2 Re4+ 68. Kf3 Rxh4 69. Nc7+ Kd6 70. Nb5+ Kc6 71.
Nc7 Rh3+ 72. Kf4 Kxc7 73. Rxc5+ Kd6 74. Rxa5 e5+ 75. Ke4 Rh4+ 76. Kd3 Ke6 77.
Kc3 Kf5 78. Kb3 Rh1 79. Rc5 h4 80. a5 Rb1+ 81. Kc2 Rb7 0-1